Biggest Cities in Ethiopia - Statistics

General Stats
  • This quiz has been taken 8 times
  • The average score is 5 of 20
Answer Stats
Population City % Correct
3,859,999 Addis Ababa
100%
535,000 Dire Dawa
63%
323,700 Mek'ele
63%
243,300 Bahir Dar
50%
129,000 Harar
50%
47,509 Gondar
38%
58,405 Jimma
38%
48,171 Ambo
25%
99,928 Bishoftu
25%
76,400 Adigrat
13%
67,269 Asella
13%
300,100 Awasa
13%
187,900 Dessie
13%
66,800 Axum
0%
43,660 Batu
0%
40,094 Merawi
0%
44,382 Robe
0%
49,331 Sebeta
0%
46,139 Weldiya
0%
86,400 Yabelo
0%
No matching quizzes found
Score Distribution
Percent of People with Each Score
Percentile by Number Answered
Your Score History
You have not taken this quiz